01500nam a2200133 4500008004100000100001600041245006400057260004500121300003300166520108200199650002701281650001301308773004501321190926b ||||| |||| 00| 0 eng d aPasha, Obed aDoes substandard performance encourage innovation adoption? bAmerican Review of Public Administration a49(5), Jul, 2019: p.572-584. aWhat makes an organization innovative? This is an enduring question in literature with a variety of models explaining innovation adoption in public organizations. The study presented here contributes to this research by introducing substandard performance as a determinant of innovation adoption, using the example of the adoption of CompStat systems in U.S. police departments. CompStat is a significant innovation in policing that was first operationalized by the New York Police Department in the mid-1990s and is consistently gaining popularity among police departments in the United States and abroad. This study uses a survival analysis of 362 small to midsized U.S. police departments over a 14-year period. Event history and Cox proportional hazards modeling show that poor preadoption performance for violent crime is significantly related to CompStat adoption, and the weaker a department’s preadoption performance, the earlier it adopts CompStat. Property crime, on the contrary, is not found to have a significant impact on the adoption of CompStat. - Reproduced. aPolice - United States aCompStat aAmerican Review of Public Administration